Desarrollo del lenguaje: un enfoque psicolinguístico
Guardat en:
| Autor principal: | |
|---|---|
| Format: | Llibre |
| Idioma: | espanyol |
| Publicat: |
Ciudad de México
Trillas
1987
|
| Matèries: | |
| Etiquetes: |
Afegir etiqueta
Sense etiquetes, Sigues el primer a etiquetar aquest registre!
|
MARC
| LEADER | 00000nam a2200000 a 4500 | ||
|---|---|---|---|
| 001 | UCW8112 | ||
| 003 | CL-VaPUC | ||
| 008 | 880518e19870000MX |||||||||||||||||spa|d | ||
| 082 | 0 | 4 | |a 401.9 |b DAL |2 21 |
| 100 | 0 | |a Dale, Philip S |e author |9 313221 | |
| 245 | 1 | 0 | |a Desarrollo del lenguaje: un enfoque psicolinguístico |
| 300 | |a 444 p | ||
| 942 | |c BK | ||
| 945 | |d 19880518 00:00:00 |a rbrito | ||
| 260 | |a Ciudad de México |b Trillas |c 1987 | ||
| 650 | 7 | |a PISCOLINGUISTICA |2 CL-VaPUC |9 313222 | |
| 650 | 0 | |a Lingüística |9 265068 | |
| 650 | 7 | |a LENGUAJE EVOLUCION |2 CL-VaPUC |9 313223 | |
| 583 | |a last modification |c 19880518 00:00:00 |k Rodrigo Vera | ||
| 999 | |c 220589 |d 220587 | ||
| 952 | |0 0 |1 0 |4 0 |6 401_900000000000000_DAL_1987 |7 0 |8 A |9 213034 |a BIBEDU |b BIBEDU |d 2019-11-15 |i 2813505 |o 401.9 DAL 1987 |p 2813505 |r 2019-11-15 |w 2019-11-15 |y BK |k LIT | ||